Introduction to nonautonomous dynamical systems and their attractors / (Record no. 51433)

MARC details
000 -LEADER
fixed length control field 00720nam a2200229Ia 4500
005 - DATE AND TIME OF LATEST TRANSACTION
control field 20260429111923.0
008 - FIXED-LENGTH DATA ELEMENTS--GENERAL INFORMATION
fixed length control field 260429s9999||||xx |||||||||||||| ||und||
020 ## - INTERNATIONAL STANDARD BOOK NUMBER
International Standard Book Number 9789811228650
041 ## - LANGUAGE CODE
Language English
082 ## - DEWEY DECIMAL CLASSIFICATION NUMBER
Classification number 515.35
Item number KLO
100 ## - MAIN ENTRY--PERSONAL NAME
Personal name Kloeden, Peter E
245 #0 - TITLE STATEMENT
Title Introduction to nonautonomous dynamical systems and their attractors /
Statement of responsibility, etc Peter E Kloeden
250 ## - EDITION STATEMENT
Edition statement 1st ed.
260 ## - PUBLICATION, DISTRIBUTION, ETC. (IMPRINT)
Place of publication, distribution, etc Singapore :
Name of publisher, distributor, etc World Scientific Publishing Co. Pte. Ltd.,
Date of publication, distribution, etc 2021.
300 ## - PHYSICAL DESCRIPTION
Extent xii, 144 p.; hb
440 ## - SERIES STATEMENT/ADDED ENTRY--TITLE
Title Interdisciplinary Mathematical Sciences, Vol. 21
650 ## - SUBJECT ADDED ENTRY--TOPICAL TERM
Topical term or geographic name as entry element Differential equations
650 ## - SUBJECT ADDED ENTRY--TOPICAL TERM
Topical term or geographic name as entry element Mathematical analysis
650 ## - SUBJECT ADDED ENTRY--TOPICAL TERM
Topical term or geographic name as entry element Dynamical systems
700 ## - ADDED ENTRY--PERSONAL NAME
Personal name Yang, Meihua
942 ## - ADDED ENTRY ELEMENTS (KOHA)
Koha item type Text Books
Holdings
Withdrawn status Lost status Damaged status Not for loan Collection code Home library Location Shelving location Date of Cataloging Source of acquisition Total Checkouts Full call number Barcode Date last seen Price effective from Koha item type
        Non-fiction CUTN Central Library CUTN Central Library Sciences 29/04/2026 T R Publications, Chennai - Invoice No. TRPHO/2025/CRB/184 on 09-02-2026   515.35 KLO 56437 29/04/2026 29/04/2026 Text Books